000 00676nam a22001937a 4500
999 _c194216
_d194216
005 20221209154942.0
010 _aUR-11786
020 _a9789393785787
_c300.00
035 _aU-10341
037 _bDBAD/PUB
_a-
082 _a841
100 _aمنا ظر حسن شا ہین
245 _aہونر تیشے کا (غزلوں کا مجموعہ) /
_cمنا ظر حسن شا ہین
_hا ر د و
246 _aHunar teeshe ka /
_bby Manazir Hassan Shaheen
260 _aNew Delhi
_bEducational Publishing House
_c2021 ء
270 _aH.o. D1/16, Ansari Road, Darya Ganj
_bNew Delhi
_e110002
300 _a176 ص
_c21cm(pbk)
942 _2ddc
_cUR
_h841
_mم ن ا